000 00801cam a2200265 a 4500
001 1210
005 20230831105628.0
020 _a078073002757
040 _aDLC
_cDLC
_dDLC
_beng
050 0 0 _aPZ7.M82712
_bWh 1985
082 0 0 _aFic
_220
100 1 _aMorpurgo, Michael.
245 1 0 _aWhy the whales came /
_cMichael Morpurgo.
260 _bScholastic
_c1985
300 _a139 pages :
_bIllustrations
_c20 cm
505 _aS
520 _aTwo children befriend the old man known as the Birdman of Bryher and help him lift a curse from their island.
521 _a890
_bLexile
521 _aS
_bRaz-Plus
650 1 _aFriendship
_vFiction.
650 1 _aIslands
_vFiction.
650 1 _aWhales
_vFiction.
906 _a7
_bcbc
_corignew
_d3
_encip
_f19
_gy-gencatlg
942 _2ddc
_cBK
_n0
999 _c1210
_d1210